[Event "Arco op 45th"]
[Site "Arco"]
[Date "2023.10.13"]
[Round "7"]
[White "Renzi, Marco"]
[Black "Andersen, Lars Christoff"]
[Result "1-0"]
[WhiteElo "1828"]
[BlackElo "1977"]
[PlyCount "93"]
[EventDate "2023.10.07"]
[EventType "swiss"]
[EventRounds "9"]
[EventCountry "ITA"]
[SourceTitle "Mega2024 Update 01"]
[Source "Chessbase"]
[SourceDate "2023.11.12"]
[SourceVersion "1"]
[SourceVersionDate "2023.11.12"]
[SourceQuality "1"]

1. e4 e6 2. d4 d5 3. e5 c5 4. c3 Ne7 5. Nf3 Nec6 6. Be3 Nd7 7. Be2 Be7 8. Nbd2 cxd4 9. cxd4 0-0 10. 0-0 Nb6 11. Rc1 Bd7 12. a3 Na5 13. b4 Ba4 14. Qe1 Nac4 15. Nxc4 Nxc4 16. Bxc4 dxc4 17. Qc3 Rc8 18. Nd2 Qd5 19. Rfe1 f5 20. f4 Bc6 21. Nf3 Qd7 22. d5 Bxd5 23. Bxa7 Ra8 24. Bf2 Qa4 25. Re3 Bd8 26. Qd4 Ra6 27. Rec3 Bc7 28. Qd2 Rfa8 29. Nd4 Qe8 30. Nxf5 Rxa3 31. Ne3 Ra2 32. Qd4 Rd8 33. Qc5 Qf7 34. Nxd5 exd5 35. R3c2 Ra6 36. b5 Rg6 37. Qe3 d4 38. Qe4 d3 39. Rxc4 d2 40. Rd1 Ba5 41. f5 Rg5 42. g4 g6 43. e6 Qf6 44. h4 Rxf5 45. gxf5 gxf5 46. Qe3 Kh8 47. Kf1 1-0

[Event "Arco op 45th"]
[Site "Arco"]
[Date "2023.10.09"]
[Round "3"]
[White "Andersen, Lars Christoff"]
[Black "Wegelin, Reinhard"]
[Result "1/2-1/2"]
[WhiteElo "1977"]
[BlackElo "1773"]
[PlyCount "73"]
[EventDate "2023.10.07"]
[EventType "swiss"]
[EventRounds "9"]
[EventCountry "ITA"]
[SourceTitle "Mega2024 Update 01"]
[Source "Chessbase"]
[SourceDate "2023.11.12"]
[SourceVersion "1"]
[SourceVersionDate "2023.11.12"]
[SourceQuality "1"]

1. d4 Nf6 2. c4 Nc6 3. Nf3 e6 4. a3 d5 5. Nc3 a6 6. e3 Be7 7. Bd3 dxc4 8. Bxc4 Nd5 9. 0-0 Nxc3 10. bxc3 0-0 11. e4 Re8 12. Bf4 Bd6 13. e5 Bf8 14. Qe2 Ne7 15. Bd3 Ng6 16. Bg3 Be7 17. Qe4 Qd5 18. Qg4 c5 19. h4 cxd4 20. cxd4 Bd7 21. Be4 Qa5 22. Bxb7 Rab8 23. Rfb1 Bb5 24. Be4 Be2 25. h5 Nf8 26. Bc6 Rxb1+ 27. Rxb1 Bxf3 28. Qxf3 Rd8 29. Rb7 Qxa3 30. Qxa3 Bxa3 31. Rb3 Be7 32. Rd3 a5 33. f3 Bc5 34. Bf2 Bb4 35. Kh2 Nd7 36. Be4 Nb6 37. Bc6 1/2-1/2

[Event "DEN-ch Seniors"]
[Site "Aalborg"]
[Date "2023.02.19"]
[Round "7"]
[White "Andersen, Lars Christoff"]
[Black "Svane, Henrik"]
[Result "1/2-1/2"]
[WhiteElo "2009"]
[BlackElo "2014"]
[PlyCount "38"]
[EventDate "2023.02.19"]
[EventType "swiss"]
[EventRounds "7"]
[EventCountry "DEN"]
[SourceTitle "CBM 213 Extra"]
[Source "ChessBase"]
[SourceDate "2023.05.31"]
[SourceVersion "1"]
[SourceVersionDate "2023.05.31"]
[SourceQuality "1"]

1. d4 d5 2. c4 dxc4 3. Nf3 Nf6 4. e3 e6 5. Bxc4 c5 6. 0-0 a6 7. Bb3 b5 8. a4 b4 9. Nbd2 Bb7 10. Nc4 Nc6 11. Qe2 Be7 12. Rd1 Qc7 13. Nce5 Nxe5 14. Nxe5 0-0 15. Bd2 Bd6 16. f4 cxd4 17. Rac1 Qe7 18. Nc6 Bxc6 19. Rxc6 Nd5 1/2-1/2

[Event "Calvia Amateur op 19th"]
[Site "Calvia"]
[Date "2022.10.09"]
[Round "2"]
[White "Martinez Pla, Xavier"]
[Black "Andersen, Lars Christoff"]
[Result "1-0"]
[WhiteElo "2292"]
[BlackElo "2006"]
[PlyCount "39"]
[EventDate "2022.10.08"]
[EventType "swiss"]
[EventRounds "9"]
[EventCountry "ESP"]
[SourceTitle "CBM 210 Extra"]
[Source "ChessBase"]
[SourceDate "2022.11.30"]
[SourceVersion "1"]
[SourceVersionDate "2022.11.30"]
[SourceQuality "1"]

1. e4 e6 2. d4 d5 3. Nc3 Nf6 4. e5 Nfd7 5. f4 c5 6. Nf3 Nc6 7. Be3 Qb6 8. Na4 Qa5+ 9. c3 b6 10. Bd2 c4 11. b4 Qa6 12. Nb2 Qa3 13. Qc2 b5 14. Bc1 Qa6 15. a4 Bb7 16. Be2 Be7 17. 0-0 Qb6 18. f5 Ncxe5 19. Nxe5 Nxe5 20. a5 1-0

[Event "Liberec op 12th"]
[Site "Liberec"]
[Date "2011.10.28"]
[Round "8"]
[White "Andersen, Lars Christoff"]
[Black "Musil, Vitezslav"]
[Result "0-1"]
[WhiteElo "2095"]
[BlackElo "2005"]
[PlyCount "42"]
[EventDate "2011.10.22"]
[EventType "swiss"]
[EventRounds "9"]
[EventCountry "CZE"]
[SourceTitle "EXT 2012"]
[Source "ChessBase"]
[SourceDate "2011.11.24"]
[SourceVersion "1"]
[SourceVersionDate "2011.11.24"]
[SourceQuality "1"]

1. d4 Nf6 2. c4 g6 3. Nc3 Bg7 4. e4 d6 5. f4 0-0 6. Nf3 c5 7. d5 e6 8. Be2 exd5 9. cxd5 b5 10. e5 dxe5 11. fxe5 Ng4 12. Bxb5 Nxe5 13. 0-0 Bg4 14. Be2 Nbd7 15. Bf4 Bxf3 16. Bxf3 Rb8 17. d6 Rb4 18. Nd5 Rd4 19. Qe2 Kh8 20. Be3 Nxf3+ 21. Qxf3 Ne5 0-1

[Event "Liberec op 12th"]
[Site "Liberec"]
[Date "2011.10.26"]
[Round "5"]
[White "Kulhanek, Tomas"]
[Black "Andersen, Lars Christoff"]
[Result "1-0"]
[WhiteElo "2371"]
[BlackElo "2095"]
[PlyCount "43"]
[EventDate "2011.10.22"]
[EventType "swiss"]
[EventRounds "9"]
[EventCountry "CZE"]
[SourceTitle "EXT 2012"]
[Source "ChessBase"]
[SourceDate "2011.11.24"]
[SourceVersion "1"]
[SourceVersionDate "2011.11.24"]
[SourceQuality "1"]

1. e4 e6 2. d4 d5 3. e5 c5 4. c3 Nc6 5. Nf3 Qb6 6. a3 Bd7 7. b4 cxd4 8. cxd4 Rc8 9. Be2 a5 10. b5 Nxd4 11. Nxd4 Rxc1 12. Qxc1 Qxd4 13. Nd2 Qxe5 14. Nf3 Qe4 15. Qc7 Be7 16. Qxb7 Qc2 17. 0-0 Qxe2 18. Qa8+ Bd8 19. b6 Ne7 20. b7 Nc6 21. Nd4 Qe5 22. Nxc6 1-0

[Event "Liberec op 12th"]
[Site "Liberec"]
[Date "2011.10.25"]
[Round "4"]
[White "Andersen, Lars Christoff"]
[Black "Dambrauskas, Virginijus A"]
[Result "1/2-1/2"]
[WhiteElo "2095"]
[BlackElo "2316"]
[PlyCount "68"]
[EventDate "2011.10.22"]
[EventType "swiss"]
[EventRounds "9"]
[EventCountry "CZE"]
[SourceTitle "EXT 2012"]
[Source "ChessBase"]
[SourceDate "2011.11.24"]
[SourceVersion "1"]
[SourceVersionDate "2011.11.24"]
[SourceQuality "1"]

1. d4 d5 2. c4 e6 3. Nc3 Nf6 4. Nf3 c6 5. e3 Nbd7 6. Bd3 dxc4 7. Bxc4 b5 8. Bb3 b4 9. Ne2 Be7 10. 0-0 0-0 11. Re1 c5 12. Nf4 Nb6 13. e4 cxd4 14. e5 Nfd5 15. Nxd4 Bc5 16. Nxd5 Nxd5 17. Bxd5 Qxd5 18. Nb3 Qxd1 19. Rxd1 Bb6 20. Bg5 Re8 21. Rac1 h6 22. Bd2 a5 23. Rc6 Rb8 24. Bc1 Rd8 25. Rxd8+ Bxd8 26. Nc5 Kf8 27. Be3 Ke8 28. Kf1 Bb7 29. Nxb7 Rxb7 30. Ke2 Bc7 31. Bd4 Kd7 32. Ra6 Rb5 33. f4 g5 34. g3 gxf4 1/2-1/2

[Event "Copenhagen Challenge"]
[Site "Ballerup"]
[Date "2011.05.20"]
[Round "4"]
[White "Andersen, Lars Christoff"]
[Black "Haubro, Martin"]
[Result "0-1"]
[WhiteElo "2138"]
[BlackElo "2003"]
[PlyCount "62"]
[EventDate "2011.05.18"]
[EventType "swiss"]
[EventRounds "9"]
[EventCountry "DEN"]
[SourceTitle "EXT 2018"]
[Source "ChessBase"]
[SourceDate "2017.10.13"]
[SourceVersion "1"]
[SourceVersionDate "2017.10.13"]
[SourceQuality "1"]

1. d4 f5 2. c4 Nf6 3. Nc3 d6 4. Nf3 g6 5. e3 Bg7 6. Be2 0-0 7. 0-0 c6 8. b4 Qe8 9. Bb2 e5 10. dxe5 dxe5 11. Qb3 Nh5 12. Rad1 f4 13. Ne4 Qe7 14. Rd6 Bf5 15. Neg5 c5 16. Qd1 e4 17. Qd5+ Kh8 18. Nf7+ Rxf7 19. Rd8+ Rf8 20. Rxf8+ Qxf8 21. Ne5 Bxe5 22. Bxe5+ Ng7 23. Qxb7 Nd7 24. Bxg7+ Kxg7 25. bxc5 Rb8 26. Qxa7 Qxc5 27. Qxc5 Nxc5 28. exf4 Rb2 29. Bd1 Rxa2 30. g4 Be6 31. Re1 Ra1 0-1

[Event "Liberec op 11th"]
[Site "Liberec"]
[Date "2010.10.25"]
[Round "3"]
[White "Plischki, Sebastian"]
[Black "Andersen, Lars Christoff"]
[Result "1/2-1/2"]
[WhiteElo "2358"]
[BlackElo "2122"]
[PlyCount "88"]
[EventDate "2010.10.23"]
[EventType "swiss"]
[EventRounds "9"]
[EventCountry "CZE"]
[SourceTitle "EXT 2011"]
[Source "ChessBase"]
[SourceDate "2010.11.26"]
[SourceVersion "1"]
[SourceVersionDate "2010.11.26"]
[SourceQuality "1"]

1. d4 d5 2. c4 e6 3. Nf3 Nf6 4. Nc3 c6 5. Bg5 Nbd7 6. e3 Qa5 7. cxd5 Nxd5 8. Qd2 Bb4 9. Rc1 h6 10. Bh4 c5 11. Bd3 b6 12. a3 Bxc3 13. bxc3 Ba6 14. c4 Qxd2+ 15. Nxd2 cxd4 16. exd4 Rc8 17. Bg3 0-0 18. Ke2 Ne7 19. f3 Nc6 20. Nb3 Nf6 21. Bf2 Rfd8 22. Rhd1 Ne8 23. Ke1 Nd6 24. Be2 Nb7 25. Rd2 Nca5 26. Nxa5 Nxa5 27. Rdc2 Nb3 28. Rd1 Na5 29. c5 Bxe2 30. Kxe2 Rd5 31. Rb2 Rc6 32. Rc1 e5 33. cxb6 Rxb6 34. Rxb6 axb6 35. dxe5 Rxe5+ 36. Kd3 Rb5 37. Bd4 Kh7 38. g4 h5 39. gxh5 Nb3 40. Rc6 Nxd4 41. Kxd4 Ra5 42. Rxb6 Rxa3 43. Ke4 Ra4+ 44. Kf5 Rh4 1/2-1/2

[Event "Politiken Cup 30th"]
[Site "Helsingor"]
[Date "2008.07.27"]
[Round "10"]
[White "Andersen, Lars Christoff"]
[Black "Malmdin, Nils Ake"]
[Result "0-1"]
[WhiteElo "2131"]
[BlackElo "2274"]
[PlyCount "56"]
[EventDate "2008.07.19"]
[EventType "swiss"]
[EventRounds "10"]
[EventCountry "DEN"]
[SourceTitle "CBM 125 Extra"]
[Source "ChessBase"]
[SourceDate "2008.09.01"]
[SourceVersion "1"]
[SourceVersionDate "2008.09.01"]
[SourceQuality "1"]

1. Nf3 Nf6 2. c4 c5 3. e3 g6 4. d4 Bg7 5. Nc3 0-0 6. Be2 d6 7. 0-0 Nc6 8. d5 Na5 9. e4 Bg4 10. Be3 a6 11. Nd2 h5 12. h3 Bxe2 13. Qxe2 Nd7 14. g4 hxg4 15. hxg4 b5 16. Kg2 Ne5 17. cxb5 Qd7 18. f3 axb5 19. Qxb5 Qxb5 20. Nxb5 Nec4 21. Nxc4 Nxc4 22. Bg5 Bxb2 23. Rab1 Rfb8 24. a4 Rxa4 25. Nc3 Rab4 26. Nd1 f6 27. Bc1 Bd4 28. Rxb4 cxb4 0-1

[Event "Politiken Cup 30th"]
[Site "Helsingor"]
[Date "2008.07.20"]
[Round "2"]
[White "Kristiansen, Jens"]
[Black "Andersen, Lars Christoff"]
[Result "1-0"]
[WhiteElo "2441"]
[BlackElo "2131"]
[PlyCount "103"]
[EventDate "2008.07.19"]
[EventType "swiss"]
[EventRounds "10"]
[EventCountry "DEN"]
[SourceTitle "CBM 125 Extra"]
[Source "ChessBase"]
[SourceDate "2008.09.01"]
[SourceVersion "1"]
[SourceVersionDate "2008.09.01"]
[SourceQuality "1"]

1. d4 d5 2. c4 e6 3. Nc3 c5 4. cxd5 exd5 5. Nf3 Nc6 6. g3 c4 7. Bg2 Bb4 8. 0-0 Nge7 9. Bg5 f6 10. Bd2 0-0 11. Nb5 a6 12. Bxb4 Nxb4 13. Nc3 Bg4 14. Ne1 b5 15. a3 Nbc6 16. Nc2 Qd7 17. Re1 Rfd8 18. Qd2 Qd6 19. Rad1 Kf8 20. h3 Bh5 21. Ne3 Bf7 22. Bf3 Na5 23. Ng2 Nb3 24. Qf4 Qxf4 25. Nxf4 g5 26. Ng2 Nf5 27. e3 Rab8 28. g4 Ne7 29. Re2 b4 30. axb4 Rxb4 31. Ne1 Bg6 32. Nc2 a5 33. e4 dxe4 34. Bxe4 Bxe4 35. Rxe4 Rb6 36. Ne3 Rb4 37. d5 Ng6 38. Rxc4 Rxc4 39. Nxc4 Nf4 40. Kh2 Rc8 41. Ne3 Nc5 42. Rd4 Rb8 43. d6 Ke8 44. Ne4 Nxe4 45. Rxe4+ Kd7 46. Nc4 Ne6 47. Kg3 Rb3+ 48. f3 Rb4 49. h4 h6 50. h5 Nf4 51. Re7+ Kd8 52. Nxa5 1-0